ბათუმის შოთა რუსთაველის სახელმწიფო უნივერსიტეტის ბიბლიოთეკა

საქართველოს უზენაესი სასამართლოს გადაწყვეტილებანი:ადმინისტრაციულ საქმეებზე. 10. უცხო ქვეყნის სამართლო გადაწყვეტილებების საქართველოს ტერიტორიაზე ცნობა და აღსრულება. 2016 (ბიბ.ჩანაწერი № 52725)

000 -LEADER
fixed length control field 01217nam a2200145Ia 4500
001 - CONTROL NUMBER
control field 19751
003 - CONTROL NUMBER IDENTIFIER
control field GE_BSU
008 - FIXED-LENGTH DATA ELEMENTS--GENERAL INFORMATION
fixed length control field 181216s||||||||xx |||||||||||||| ||und||
040 ## - CATALOGING SOURCE
Transcribing agency GE_BSU
245 ## - TITLE STATEMENT
Title საქართველოს უზენაესი სასამართლოს გადაწყვეტილებანი:ადმინისტრაციულ საქმეებზე. 10. უცხო ქვეყნის სამართლო გადაწყვეტილებების საქართველოს ტერიტორიაზე ცნობა და აღსრულება. 2016
653 ## - INDEX TERM--UNCONTROLLED
Uncontrolled term პერიოდიკა
653 ## - INDEX TERM--UNCONTROLLED
Uncontrolled term სამართალი
653 ## - INDEX TERM--UNCONTROLLED
Uncontrolled term საქართველოს უზენაესი სასამართლოს გადაწყვეტილებანი:ადმინისტრაციულ საქმეებზე. 10. უცხო ქვეყნის სამართლო გადაწყვეტილებების საქართველოს ტერიტორიაზე ცნობა და აღსრულება. 2016
942 ## - ADDED ENTRY ELEMENTS (KOHA)
Koha item type პერიოდიკა

არაა ხელმისაწვდომი ეგზემპლარები.